| 000 | 07869nam a22005417a 4500 | ||
|---|---|---|---|
| 005 | 20091211144410.0 | ||
| 008 | 091211t xxu||||| |||| 00| 0 hin d | ||
| 020 | _c200.00 | ||
| 035 | _aB-370780-807 | ||
| 037 | _bआकाशदीप पब्लिकेशंस/ PUB | ||
| 040 |
_aDPL _bHN |
||
| 082 | _a500 | ||
| 245 |
_aविज्ञान के अनजान रहस्य एवं जानकारियाँ / _cमुकेश नादान द्वारा संपादित |
||
| 260 |
_aनई दिल्ली _bआकाशदीप पब्लिकेशंस _c2008 |
||
| 270 |
_a1/1073 डी, महरौली _bनई दिल्ली _e110030 |
||
| 300 |
_a160पृ _c22सेमी (सजिल्द) _bसचित्र |
||
| 500 | _aसमान ISBN 8187775343 शीर्षक विज्ञान की अद्भुत खोजें एवं जानकारियाँ | ||
| 700 |
_aमुकेश नादान _917926 |
||
| 942 |
_2ddc _cCH _h500 _mविज्ञान |
||
| 999 |
_c32567 _d32567 |
||